Current Members of Canada’s 43rd Parliament - Statistics

General Stats
  • This quiz has been taken 28 times
  • The average score is 59 of 338
Answer Stats
Province/Territory Riding Party MP % Correct
Quebec Papineau Liberal Justin Trudeau
86%
British Columbia Saanich-Gulf Islands Green Elizabeth May
73%
British Columbia Burnaby South NDP Jagmeet Singh
73%
Ontario Durham Conservative Erin O’Toole
68%
British Columbia Vancouver Centre Liberal Hedy Fry
68%
Ontario Cambridge Liberal Bryan May
64%
Ontario University-Rosedale Liberal Chrystia Freeland
64%
Quebec Beloeil-Chambly Bloc Yves-Françoise Blanchet
64%
Saskatchewan Regina-Qu’Appelle Conservative Andrew Scheer
59%
British Columbia Nanaimo-Ladysmith Green Paul Manly
55%
Ontario Carleton Conservative Pierre Poilievre
55%
Manitoba Portage-Lisgar Conservative Candice Bergen
45%
Ontario Toronto-St. Paul’s Liberal Carolyn Bennett
45%
New Brunswick Fredericton Green Jenica Atwin
45%
Quebec Notre-Dame-de-Grâce—Westmount Liberal Marc Garneau
45%
Ontario Beaches-East York Liberal Nathaniel Erskine-Smith
45%
Newfoundland and Labrador St. John’s South-Mount Pearl Liberal Seamus O’Regan
45%
Ontario Oakville Liberal Anita Anand
41%
New Brunswick Beausejour Liberal Dominic LeBlanc
41%
Quebec Ville-Marie—Le Sud-Ouest—Île-des-Sœurs Liberal Marc Miller
41%
Quebec Ahuntsic—Cartierville Liberal Mélanie Joly
41%
Ontario Wellington-Halton Hills Conservative Michael D. Chong
41%
Quebec Charlesbourg—Haute-Saint-Charles Conservative Pierre Paul-Hus
41%
Ontario Timmins-James Bay NDP Charlie Angus
36%
Quebec Saint-Maurice–Champlain Liberal Françoise-Philippe Champagne
36%
Alberta Sherwood Park-Fort Saskatchewan Conservative Garnett Genuis
36%
British Columbia Vancouver South Liberal Harjit S. Sajjan
36%
Prince Edward Island Cardigan Liberal Lawrence MacAulay
36%
Ontario Hamilton Centre NDP Matthew Green
36%
British Columbia North Island-Powell River NDP Rachel Blaney
36%
Quebec Bellechasse—Les Etchemins—Lévis Conservative Steven Blaney
36%
Quebec Pierre-Boucher-les Patriotes-Vercheres Bloc Xavier Barsalou-Duval
36%
Quebec Mount Royal Liberal Anthony Housefather
32%
Ontario Nipissing-Timiskaming Liberal Anthony Rota
32%
British Columbia Courtenay-Alberni NDP Gord Johns
32%
Alberta Edmonton Strathcona NDP Heather McPherson
32%
British Columbia Vancouver East NDP Jenny Kwan
32%
British Columbia Vancouver Granville Independent Jody Wilson-Raybould
32%
Alberta Calgary Nose Hill Conservative Michelle Rempel Garner
32%
Ontario Thunder Bay-Superior North Liberal Patty Hajdu
32%
Ontario Scarborough North Liberal Shaun Chen
32%
Quebec Laurier—Sainte-Marie Liberal Steven Guilbeault
32%
Quebec Richmond—Arthabaska Conservative Alain Rayes
27%
Quebec Rosemont—La Petite-Patrie NDP Alexandre Boulerice
27%
Quebec Lac-Saint-Jean Bloc Alexis Brunelle-Duceppe
27%
British Columbia Richmond Centre Conservative Alice Wong
27%
Ontario Parkdale-High Park Liberal Arif Virani
27%
Ontario Scarborough Southwest Liberal Bill Blair
27%
Ontario Algoma-Manitoulin-Kapuskasing NDP Carol Hughes
27%
Ontario Hastings-Lennox and Addington Conservative Derek Sloan
27%
British Columbia Vancouver Kingsway NDP Don Davies
27%
Quebec Lac-Saint-Louis Liberal Francis Scarpaleggia
27%
Quebec Joliette Bloc Gabriel Ste-Marie
27%
Saskatchewan Desneth-Missinippi-Churchill River Conservative Gary Vidal
27%
New Brunswick Moncton-Riverview-Dieppe Liberal Ginette Petitpas Taylor
27%
Quebec Hull—Aylmer Liberal Greg Fergus
27%
Ontario Burlington Liberal Karina Gould
27%
Yukon Yukon Liberal Larry Bagnell
27%
Ontario Eglinton-Lawrence Liberal Marco Mendicino
27%
Nunavut Nunavut NDP Mumilaaq Qaqqaq
27%
Manitoba Churchill-Keewatinook Aski NDP Niki Ashton
27%
Alberta Lakeland Conservative Shannon Stubbs
27%
New Brunswick Saint John-Rothesay Liberal Wayne Long
27%
Quebec Pontiac Liberal William Amos
27%
Newfoundland and Labrador Labrador Liberal Yvonne Jones
27%
Ontario Spadina-Fort York Liberal Adam Vaughan
23%
Quebec La Prairie Bloc Alain Therrien
23%
British Columbia Cowichen-Malahat-Langford NDP Alistair MacGregor
23%
Ontario Waterloo Liberal Bardish Chagger
23%
Alberta Banff-Airdrie Conservative Blake Richards
23%
British Columbia Mission-Masqui-Fraser Canyon Conservative Brad Vis
23%
British Columbia Delta Liberal Carla Qualtrough
23%
Ontario Ottawa Centre Liberal Catherine McKenna
23%
Quebec LaSalle—Émard—Verdun Liberal David Lametti
23%
Ontario Stormont-Dundas-Glengarry South Conservative Eric Duncan
23%
Nova Scotia Halifax West Liberal Geoff Regan
23%
Newfoundland and Labrador St. John’s East NDP Jack Harris
23%
Quebec Quebec Liberal Jean-Yves Duclos
23%
Manitoba Winnipeg South Centre Liberal Jim Carr
23%
Alberta Foothills Conservative John Barlow
23%
British Columbia Vancouver Quadra Liberal Joyce Murray
23%
Ontario Toronto-Danforth Liberal Julie Dabrusin
23%
Ontario Kanata-Carleton Liberal Karen McCrimmon
23%
Saskatchewan Carlton Trail-Eagle Creek Conservative Kelly Block
23%
Ontario Etobicoke North Liberal Kirsty Duncan
23%
Manitoba Winnipeg Centre NDP Leah Gazan
23%
Ontario Aurora-Oak Ridges-Richmond Hill Conservative Leona Alleslev
23%
Quebec Bécancour—Nicolet—Saurel Bloc Louis Plamondon
23%
Ontario Toronto Centre Liberal Marci Ien
23%
Ontario Ajax Liberal Mark Holland
23%
Quebec Honoré-Mercier Liberal Pablo Rodríguez
23%
Ontario Thornhill Conservative Peter Kent
23%
Alberta Lethbridge Conservative Rachael Harder
23%
British Columbia South Okanagan-West Kootenay NDP Richard Cannings
23%
Quebec Beauce Conservative Richard Lehoux
23%
Quebec Chicoutimi—Le Fjord Conservative Richard Martel
23%
British Columbia Coquitlam-Port Coquitlam Liberal Ron McKinnon
23%
Saskatchewan Battlefords-Lloydminster Conservative Rosemarie Falk
23%
Alberta Calgary Midnapore Conservative Stephanie Kusie
23%
Quebec Gatineau Liberal Steven MacKinnon
23%
Manitoba Provencher Conservative Ted Falk
23%
Ontario York Centre Liberal Ya’ara Saks
23%
Ontario Milton Liberal Adam van Koeverden
18%
Quebec Brossard—Saint-Lambert Liberal Alexandra Mendes
18%
Nova Scotia Halifax Liberal Andy Fillmore
18%
Quebec Vimy Liberal Annie Koutrakis
18%
Alberta Peace River-Westlock Conservative Arnold Viersen
18%
Ontario Huron-Bruce Conservative Ben Lobb
18%
Nova Scotia South Shore-St. Margarets Liberal Bernadette Jordan
18%
British Columbia Prince George-Peace River-Northern Rockies Conservative Bob Zimmer
18%
Ontario Windsor West NDP Brian Masse
18%
Ontario Essex Conservative Chris Lewis
18%
Newfoundland and Labrador Bonavista-Burin-Trinity Liberal Churence Rogers
18%
Alberta Battle River-Crowfoot Conservative Damien C. Kurek
18%
Ontario Ottawa South Liberal David J. McGuinty
18%
Quebec Gaspésie—Les Îles-de-la-Madeleine Liberal Diane Lebouthillier
18%
British Columbia Abbotsford Conservative Ed Fast
18%
Quebec Bourassa Liberal Emmanuel Dubourg
18%
Ontario Glengarry-Prescott-Russell Liberal Francis Drouin
18%
Quebec Louis-Saint-Laurent Conservative Gérard Deltell
18%
Newfoundland and Labrador Long Range Mountains Liberal Gudie Hutchings
18%
Alberta Edmonton Centre Conservative James Cumming
18%
Alberta Calgary Forest Lawn Conservative Jasraj Singh Hallan
18%
Quebec Portneuf—Jacques-Cartier Conservative Joël Godin
18%
Ontario Scarborough-Guildwood Liberal John McKay
18%
British Columbia North Vancouver Liberal Jonathan Wilkinson
18%
Quebec Beauport—Limoilou Bloc Julie Vignola
18%
Manitoba Winnipeg North Liberal Kevin Lamoureux
18%
Quebec Avignon—La Mitis—Matane—Matapédia Bloc Kristina Michaud
18%
Manitoba Brandon-Souris Conservative Larry Maguire
18%
British Columbia Victoria NDP Laurel Collins
18%
Ontario Brampton East Liberal Maninder Sidhu
18%
Quebec Manicouagan Bloc Marilene Gill
18%
Quebec La Pointe-de-I’lle Bloc Mario Beaulieu
18%
Alberta Bow River Conservative Martin Shields
18%
Ontario Markham-Thornhill Liberal Mary Ng
18%
Alberta St. Albert-Edmonton Conservative Michael Cooper
18%
Saskatchewan Regina-Wascana Conservative Micheal Kram
18%
Alberta Edmonton-Wetaskiwin Conservative Mike Lake
18%
Ontario Ottawa-Vanier Liberal Mona Fortier
18%
Ontario Mississauga-Malton Liberal Navdeep Bains
18%
British Columbia Port Moody-Coquitlam Conservative Nelly Shin
18%
Ontario Mississauga Centre Liberal Omar Alghabra
18%
Alberta Calgary Rocky Ridge Convervative Pat Kelly
18%
British Columbia New Westminster-Burnaby NDP Peter Julian
18%
Quebec Outremont Liberal Rachel Bendayan
18%
Ontario Don Valley West Liberal Robert Oliphant
18%
Quebec Pierrefonds—Dollard Liberal Sameer Zuberi
18%
Ontario Lanark-Frontenac-Kingston Conservative Scott Reid
18%
Newfoundland and Labrador Coast of Bays-Central-Notre Dame Liberal Scott Simms
18%
Quebec Abitibi—Témiscamingue Bloc Sébastien Lemire
18%
Quebec Saint-Hyacinthe—Bagot Bloc Simon-Pierre Savard-Tremblay
18%
Ontario Brampton South Liberal Sonia Sidhu
18%
British Columbia Burnaby-North Seymour Liberal Terry Beech
18%
Ontario Kitchener-Conestoga Liberal Tim Louis
18%
Alberta Edmonton Mill Woods Conservative Tim Uppal
18%
Alberta Calgary Shepard Conservative Tom Kmiec
18%
Prince Edward Island Malpeque Liberal Wayne Easter
18%
Ontario Don Valley East Independent Yasmin Ratansi
18%
Quebec Berthier—Maskinongé Bloc Yves Perron
18%
Quebec Marc-Aurèle-Fortin Liberal Yves Robillard
18%
Quebec Shefford Bloc Andreane Larouche
14%
Quebec Alfred—Pellan Liberal Angelo Iacono
14%
Quebec Dorval—Lachine—LaSalle Liberal Anju Dhillon
14%
Alberta Calgary Heritage Conservative Bob Benzen
14%
Ontario Markham-Unionville Conservative Bob Saroya
14%
Quebec Châteauguay—Lacolle Liberal Brenda Shanahan
14%
Quebec Beauport—Côte-de-Beaupré—Île d'Orléans—Charlevoix Bloc Caroline Desbiens
14%
Ontario Nepean Liberal Chandra Arya
14%
Ontario Renfrew-Nipissing-Pembroke Conservative Cheryl Gallant
14%
Nova Scotia West Nova Conservative Chris d’Entremont
14%
Quebec Salaberry—Suroît Bloc Claude DeBellefeuille
14%
Manitoba Saint Boniface-Saint Vital Liberal Dan Vandal
14%
Ontario Flamborough-Glanbrook Conservative David Sweet
14%
Ontario Haldimand-Norfolk Conservative Diane Finley
14%
Quebec Sherbrooke Liberal Elisabeth Briere
14%
Quebec Saint-Laurent Liberal Emmanuella Lambropoulos
14%
Quebec Laval—Les Îles Liberal Fayçal El-Khoury
14%
Ontario Hamilton West-Ancaster-Dundas Liberal Filomena Tassi
14%
Alberta Calgary Centre Conservative Greg McLean
14%
Ontario Markham-Stouffville Liberal Helena Jaczek
14%
Quebec Lévis—Lotbinière Conservative Jacques Gourde
14%
Manitoba Selkirk-Interlake-Eastman Conservative James Bezan
14%
Ontario Haliburton-Kawartha Lakes-Brock Conservative Jamie Schmale
14%
Saskatchewan Cypress Hills-Grasslands Conservative Jeremy Patzer
14%
Quebec Louis-Hébert Liberal Joël Lightbound
14%
New Brunswick New Brunswick Southwest Conservative John Williamson
14%
Ontario Humber River-Black Creek Liberal Judy A. Sgro
14%
Alberta Edmonton West Conservative Kelly McCauley
14%
Newfoundland and Labrador Avalon Liberal Ken McDonald
14%
British Columbia South Surrey-White Rock Conservative Kerry-Lynne D. Findlay
14%
Quebec Thérèse-De Blainville Bloc Louise Chabot
14%
Quebec Megantic-Lerable Conservative Luc Berthold
14%
Quebec Rivière-des-Mille-Îles Bloc Luc Desilets
14%
Quebec Montcalm Bloc Luc Theriault
14%
Quebec Compton-Stanstead Liberal Marie-Claude Bibeau
14%
Quebec Drummond Bloc Martin Champoux
14%
Manitoba Charleswood-St. James-Assiniboia-Headingley Conservative Marty Morantz
14%
Ontario Sarnia-Lambton Conservative Marylin Gladu
14%
Quebec Rimouski-Neigette—Témiscouata—Les Basques Bloc Maxime Blanchette-Joncas
14%
Ontario Leeds-Grenville-Thousand Islands and Rideau Lakes Conservative Michael Barrett
14%
Quebec Vaudreuil—Soulanges Liberal Peter Schiefke
14%
British Columbia Esquimalt-Saanich-Sooke NDP Randall Garrison
14%
Saskatchewan Prince Albert Conservative Randy Hoback
14%
New Brunswick Madawaska-Restigouche Liberal Rene Arseneault
14%
Quebec Rivière-du-Nord Bloc Rhéal Eloi Fortin
14%
New Brunswick Fundy Royal Conservative Rob Moore
14%
Ontario Whitby Liberal Ryan Turnbull
14%
New Brunswick Acadie-Bathurst Liberal Serge Cormier
14%
Quebec Longueuil—Charles-LeMoyne Liberal Sherry Romanado
14%
Quebec Mirabel Bloc Simon Marcil
14%
Quebec Hochelaga Liberal Soraya Martinez Ferrada
14%
Quebec Montarville Bloc Stéphane Bergeron
14%
Quebec Argenteuil—La Petite-Nation Liberal Stéphane Lauzon
14%
Quebec Abitibi—Baie-James—Nunavik—Eeyou Bloc Sylvie Bérubé
14%
British Columbia Langley-Aldergrove Conservative Tako Van Popta
14%
Manitoba Winnipeg South Liberal Terry Duguid
14%
British Columbia Kelowna-Lake Country Conservative Tracy Gray
14%
Ontario Etobicoke Centre Liberal Yvan Baker
14%
Alberta Edmonton Manning Conservative Ziad Aboultaif
14%
Ontario York South-Weston Liberal Ahmed Hussen
9%
Quebec Montmagny—L'Islet—Kamouraska—Rivière-du-Loup Conservative Bernard Généreux
9%
Ontario Hamilton East-Stoney Creek Liberal Bob Bratina
9%
Ontario St. Catharines Conservative Chris Bittle
9%
Quebec Saint-Jean Bloc Christine Normandin
9%
Alberta Grande Prairie-Mackenzie Conservative Chris Warkentin
9%
Ontario Oshawa Conservative Colin Carrie
9%
British Columbia Central Okanagan-Similkameen-Nicola Conservative Dan Albas
9%
Alberta Sturgeon River-Parkland Conservative Dane Lloyd
9%
Manitoba Elmwood-Transcona NDP Daniel Blaikie
9%
Ontario Chatham-Kent-Leamington Conservative Dave Epp
9%
Ontario Oxford Conservative Dave MacKenzie
9%
Quebec Longueuil—Saint-Hubert Bloc Denis Trudel
9%
Ontario Kenora Conservative Eric Melillo
9%
Ontario Vaughan-Woodbridge Liberal Francesco Sorbara
9%
Ontario Scarborough-Rouge Park Liberal Gary Anandasangaree
9%
Ontario Don Valley North Liberal Han Dong
9%
Ontario Windsor-Tecumseh Liberal Irek Kusmierczyk
9%
Alberta Calgary Skyview Conservative Jag Sahota
9%
Ontario Scarborough-Agincourt Liberal Jean Yip
9%
Ontario Pickering-Uxbridge Liberal Jennifer O’Connell
9%
Ontario Barrie-Inisfil Conservative John Brassard
9%
Ontario Davenport Liberal Julie Dzerowicz
9%
Ontario Brampton West Liberal Kamal Khera
9%
Ontario Elgin-Middlesex-London Conservative Karen Vecchio
9%
British Columbia Fleetwood-Port Kells Liberal Ken Hardie
9%
British Columbia Steveston-Richmond East Conservative Kenny Chiu
9%
Alberta Edmonton Griesbach Conservative Kerry Diotte
9%
Alberta Calgary Confederation Conservative Len Webber
9%
Ontario London-Fanshawe NDP Lindsay Matthyssen
9%
Ontario Guelph Liberal Lloyd Longfield
9%
Quebec Brome—Missisquoi Liberal Lyne Bessette
9%
British Columbia Pitt Meadows-Maple Ridge Conservative Marc Dalton
9%
Ontario Thunder Bay-Rainy River Liberal Marcus Powlowski
9%
Quebec Laurentides—Labelle Bloc Marie-Helen Gaudreau
9%
Quebec Jonquière Bloc Mario Simard
9%
Ontario Kitchener South-Hespeler Independent Marwan Tabbarra
9%
Alberta Edmonton Riverbend Conservative Matt Jeneroux
9%
Quebec Terrebonne Bloc Michel Boudrias
9%
Quebec Repentigny Bloc Monique Pauze
9%
Ontario Bay of Quinte Liberal Neil R. Ellis
9%
British Columbia West Vancouver-Sunshine Coast-Sea to Sky Country Liberal Patrick Weiler
9%
Ontario Kitchener Centre Liberal Rah Saini
9%
Manitoba Kildonan-St. Paul Conservative Raquel Dancho
9%
Prince Edward Island Egmont Liberal Robert J. Morrissey
9%
Saskatchewan Souris-Moose Mountain Conservative Robert Kitchen
9%
British Columbia Kootenay-Columbia Conservative Ron Morrison
9%
Ontario Brampton North Liberal Ruby Sahota
9%
Ontario Hamilton Mountain NDP Scott Duvall
9%
Prince Edward Island Charlottetown Liberal Sean Casey
9%
Nova Scotia Central Nova Liberal Sean Fraser
9%
British Columbia Surrey-Newton Liberal Sukh Dhaliwal
9%
British Columbia Skeena-Bulkley Valley NDP Taylor Bachrach
9%
Ontario Simcoe-Grey Conservative Terry Dowdall
9%
Ontario Niagara Falls Conservative Tony Baldinelli
9%
Ontario Niagara Centre Liberal Vance Badawey
9%
Saskatchewan Regina-Lewvan Conservative Warren Steinley
9%
Ontario Ottawa West-Nepean Liberal Anita Vandenbeld
5%
Alberta Red Deer-Lacombe Conservative Blaine Calkins
5%
Saskatchewan Saskatoon West Conservative Brad Redekopp
5%
Ontario Simcoe North Conservative Bruce Stanton
5%
British Columbia Kamloops-Thompson-Cariboo Conservative Cathy Mcloed
5%
Nova Scotia Sackville-Preston-Chezzetcook Liberal Darrell Samson
5%
Nova Scotia Dartmouth-Cole Harbour Liberal Darren Fisher
5%
Alberta Fort McMurray-Cold Lake Conservative David Yurdiga
5%
Ontario King-Vaughan Liberal Deb Schulte
5%
Alberta Medicine Hat-Cardston-Warner Conservative Glen Motz
5%
Nova Scotia Sydney-Victoria Liberal Jaime Battiste
5%
Ontario Etobicoke-Lake Shore Liberal James Maloney
5%
Nova Scotia Kings-Hants Liberal Kody Blois
5%
Ontario Dufferin-Caledon Conservative Kyle Seeback
5%
Ontario Lambton-Kent-Middlesex Conservative Lianne Rood
5%
Ontario Richmond Hill Liberal Majid Jowhari
5%
Ontario Orleans Liberal Marie-France Lalonde
5%
Ontario Kingston and the Islands Liberal Mark Garretsen
5%
British Columbia Chiliwack-Hope Conservative Mark Strahl
5%
British Columbia North Okanagan-Shuswap Conservative Mel Arnold
5%
Northwest Territories Northwest Territories Liberal Michael V. McLoed
5%
Ontario Oakville North-Burlington Liberal Pam Damoff
5%
New Brunswick Miramichi-Grand Lake Liberal Pat Finnigan
5%
Ontario Sudbury Liberal Paul Lefebvre
5%
Ontario Northumberland-Peterborough South Conservative Philip Lawrence
5%
Ontario Brantford-Brant Conservative Phil McColeman
5%
British Columbia Surrey Centre Liberal Randeep Sarai
5%
New Brunswick Tobique-Mactaquac Conservative Richard Bragdon
5%
Alberta Calgary Signal Hill Conservative Ron Liepert
5%
Ontario York-Simcoe Conservative Scot Davidson
5%
Ontario Parry Sound-Muskoka Conservative Scott Aitchison
5%
British Columbia Cloverdale-Langley City Conservative Tamara Jansen
5%
Ontario Sault Ste. Marie Liberal Terry Sheehan
5%
British Columbia Cariboo-Prince George Conservative Todd Doherty
5%
Saskatchewan Moose Jaw-Lake Centre-Lanigan Conservative Tom Lukiwski
5%
Ontario Newmarket-Aurora Liberal Tony Van Bynen
5%
Ontario Bruce-Grey-Owen Sound Conservative Alex Ruff
0%
Ontario Willowdale Liberal Ali Ehsassi
0%
Saskatchewan Yorkton-Melville Conservative Cathay Wagantall
0%
Saskatchewan Saskatoon-University Conservative Corey Tochor
0%
Manitoba Dauphin-Swan River-Neepawa Conservative Dan Mazier
0%
Ontario Niagara West Conservative Dean Allison
0%
Ontario Barrie-Springwater-Oro-Medonte Conservative Doug Shipley
0%
Alberta Red Deer-Mountain View Conservative Earl Dreeshen
0%
Ontario Mississauga-Streetsville Liberal Gagan Sikand
0%
Alberta Yellowhead Conservative Gerald Soroka
0%
Ontario Mississauga-Erin Mills Liberal Iqra Khalid
0%
Ontario Perth-Wellington Conservative John Mater
0%
Ontario London West Liberal Kate Young
0%
Saskatchewan Saskatoon-Grasswood Conservative Kevin Waugh
0%
Nova Scotia Cumberland-Colchester Liberal Lenore Zann
0%
Quebec Trois-Rivières Bloc Louise Charbonneau
0%
Ontario Nickel Belt Liberal Marc G. Serre
0%
Ontario Peterborough-Kawartha Liberal Maryam Monseff
0%
Nova Scotia Cape Breton-Canso Liberal Mike Kelloway
0%
Quebec Saint-Léonard—Saint-Michel Liberal Patricia Lattanzio
0%
Ontario Mississauga East-Cooksville Liberal Peter Fonseca
0%
Ontario London North Centre Liberal Peter Fragiskatos
0%
Ontario Brampton Centre Liberal Ramesh Sangha
0%
Ontario Scarborough Centre Liberal Salma Zahid
0%
Ontario Mississauga-Lakeshore Liberal Sven Spengeman
0%
No matching quizzes found
Score Distribution
Percent of People with Each Score
Percentile by Number Answered
Your Score History
You have not taken this quiz